Top 15 most streamed Lil Durk songs - Statistics

General Stats
  • This quiz has been taken 85 times
  • The average score is 3 of 15
Answer Stats
Rank Streams Songs % Correct
3. 328,937,898 All My Life
75%
8. 103,704,379 AHHH HA
38%
1. 352,861,412 3 Headed Goat
35%
2. 335,797,590 Broadway Girls
34%
6. 143,985,971 What Happened To Virgil
24%
4. 174,947,142 Still Trappin'
20%
7. 129,718,978 Stand By Me
15%
5. 150,164,203 Hats Off
13%
15. 63,226,250 Man of my Word
10%
9. 85,556,013 Home Body
8%
14. 68,220,090 Mad Max
7%
13. 71,143,282 Petty Too
7%
12. 72,621,130 Stay Down
7%
11. 80,695,194 Finesse Out The Gang Way
4%
10. 85,330,253 Internet Sensation
4%
No matching quizzes found
Score Distribution
Percent of People with Each Score
Percentile by Number Answered
Your Score History
You have not taken this quiz